000 00734nam a22002057a 4500
005 20250108151046.0
010 _aENG-143256
020 _a9789350909652
_c1500.00
035 _aEN-126788
037 _bDBAD
082 _a362.1068
100 _aGyani, Girdhar J
_976105
245 _aHandbook of Healthcare Quality & Patient Safety/
_cBy Girdhar J Gyani [and] Alexander Thomas
250 _a1
260 _aNew delhi
_bJaypee brothers medical Publishers
_c2014
270 _aJaypee brothers medical Publishers
_bNew delhi
_e110002
_k+91-1143574357
_l+91-1143574314
_mjaypee@jaypeebrothers.com
300 _axix,320p
_c24cm.(pb)
700 _aThomas, Alexander
_eAuthor
_976106
942 _2ddc
_cEN
_h362.1068
_mGYA
999 _c208208
_d208208